00437nam a2200145Ia 450000500170000000800410001702000150005808200130007310000180008624500670010426000480017130000130021965000330023265000260026520250701025241.0240331s9999 xx 000 0 und d a9551188608 bBANa840 aBandara,A.M.N 0aBrithanya yatath vijitha yugaye Sri Lankawe jathika viyaparaya aColombobFast Publishing ( Private) Limited a476 p ., aSinhala Buddhist Nationalism aCeylon National Union